LEADER 01227nam a2200277 4500 001 000000360034 003 CaOOAMICUS 005 20241001123757.0 008 240930s1996 it 000 u ita r 020 $a18-15-05243-7* 040 $aSeMil$bita 100 1 $aMerlo, Grado Giovanni,$d<1945- >.$0(OLS)http://semarc/name/2559 245 10$aContro gli eretici :$bla coercizione all'ortodossia prima dell'Inquisizione /$cGrado Giovanni Merlo. 264 1$aBologna :$bIl Mulino,$c1996. 300 $a159 p. ;$c22 cm 490 1 $aSaggi ;$v443 650 4$aEresie - Storia - Sec. 11.-13.$0(OLS)http://semarc/subject/55993 650 4$aEretici - Persecuzioni - Italia.$0(OLS)http://semarc/subject/56400 830 0$aSaggi ;$v443.$0(OLS)http://semarc/title/341 850 $aSeMil 852 $aSeMil$W1$xVenegono$y1$m3C II 106$j251167$B251074$CSeMilBibl$Z2$F251074 $81 961 $aBuzzi mons. Franco - Omaggio 996 $6020$a18-15-05243-7*$9(OLS)http://semarc/number/301354 996 $6245$aContro gli eretici :$bla coercizione all'ortodossia prima dell'Inquisizione$9(OLS)http://semarc/title/450476 996 $6264$aBologna :$bIl Mulino$9(OLS)http://semarc/publisher/29842 LEADER 01752nam a2200265 i 4500 001 000000193980 003 CaOOAMICUS 005 20101102000000.0 008 101102s1792 it u000 u ita u 013 $a172625 026 $aher- b-on e-ci E.SI (C) 1792 (Q) 040 $aSeMil$bita 245 10$aVittorio Gaetano Baldassarre Maria per divina misericordia della S.R.C. prete cardinale Costa arcivescovo di Torino ... al venerabile clero ed a tutti i fedeli della citta e diocesi salute nel Signore. 260 $a(Torino :$bper gli Eredi Avondo stampatori arcivescovili),$c1792. 300 $a5, [1] p. ;$c4°. 500 $aStemma dell'arcivescovo sul r. della prima c. - Data del documento : 29 ottobre 1792. - Incipit del documento : Molte sono le tribolazioni ... 650 4$aTorino (Diocesi) - Lettere pastorali - Sec. 18.-19.$0(OLS)http://semarc/subject/3767 650 4$aCosta di Arignano, Vittorio Gaetano - Lettere pastorali.$0(OLS)http://semarc/subject/3768 700 1 $aCosta di Arignano, Vittorio Gaetano.$0(OLS)http://semarc/name/70512 700 1 $aAvondo, Giacomo Giuseppe eredi,$c.$0(OLS)http://semarc/name/7195 773 0 $aArcidiocesi di Torino$t[Lettere pastorali.$d[S.l. : s.n.], 1769-1804.$w()23908 850 $aSeMil 852 $aSeMil$W1$xVenegono$y1$m2F V 28/17 FA$j144554$B144554$CSeMilBibl$Z2$F155845 $8I 996 $6245$aVittorio Gaetano Baldassarre Maria per divina misericordia della S.R.C. prete cardinale Costa arcivescovo di Torino ... al venerabile clero ed a tutti i fedeli della citta e diocesi salute nel Signore$9(OLS)http://semarc/title/279639 996 $6260$a(Torino :$bper gli Eredi Avondo stampatori arcivescovili)$9(OLS)http://semarc/publisher/50505